| 000 | 00622nam a22001817a 4500 | ||
|---|---|---|---|
| 005 | 20131011125711.0 | ||
| 010 | _aENG-107721 | ||
| 020 |
_a9788192543109 _c295.00 |
||
| 035 | _aEN-91254 | ||
| 037 | _bDBAD/PUB | ||
| 082 | _a371.1 | ||
| 100 | _aLederer, Richard | ||
| 245 |
_aA tribute to teachers : _cby Richard Lederer _bwit and wisdom, information and inspiration about those who change our lives / |
||
| 260 |
_aUttar Pradesh _beVookz _c2011 |
||
| 270 |
_a10,Parshawanath Edens, Sector, Alpha-II, Greater Noida _bUttar Pradesh |
||
| 300 |
_aix,134p. _c23cm(Hb) |
||
| 942 |
_2ddc _cEN _mLED _h371.1 |
||
| 999 |
_c76894 _d76894 |
||